00311nam a22001217a 450000500170000002000190001703500120003603700130004810000240006124500560008526000290014130000190017020120608143559.0 a8173044112c00 aB-85612 aDPLbENG aVerma, Ashok Kalyan aKargil : Blood on the snow /cby Ashok Kalyan Verma aNew DelhibManoharc2002 a227p.c20 cms.